Normal view MARC view

Entry Personal Name

Number of records used in: 29

001 - CONTROL NUMBER

  • control field: 934

003 - CONTROL NUMBER IDENTIFIER

  • control field: OSt

005 - DATE AND TIME OF LATEST TRANSACTION

  • control field: 20200122154226.0

008 - FIXED-LENGTH DATA ELEMENTS

  • fixed length control field: 200122|| aca||aabn | a|a d

040 ## - CATALOGING SOURCE

  • Original cataloging agency: OSt

100 ## - HEADING--PERSONAL NAME

  • Personal name: Embleton, William
Designed and Maintained by IMU-KC Library, Kolkata Campus © Copyright All Rights Reserved

webs counters

Powered by Koha